000 00275nam a2200133Ia 4500
100 _aKarve & Shah
942 _cBK
654 _aPhysics
245 _aElementary Physics I
260 _bS.Chand & co
_aNewDelhi
_c1973
082 _a530
300 _a666
546 _aENGLISH
999 _c34055
_d34055